02572nam a22002057a 4500003001000000005001700010008004100027020001800068040001400086100002600100245010200126260004000228300001200268500007800280501005400358520167300412650001202085654001102097700025802108IT-MiCISF20251216165827.0251216b |||||||| |||| 00| 0 eng d a9788817183772 cIT-MiCISF aVigini Marco (et al.) aIl potere delle relazioni. bIl networking come competenza di vita per il successo e il benessere aMilano, bRizzoli-Mondadori, c2024 app. 318 apersona, rapporti-interpersonali, lavoro, teoria, nuovi-media, esperienze aPrefazione di Matilde Marandola e Giuseppe Biazzo aLa nostra rete di relazioni è da sempre lo strumento più efficace per individuare nuove opportunità personali e professionali, ma oggi lo è sempre di più anche per il nostro successo e benessere. Con un click ci si può teoricamente collegare con chiunque nel mondo e rimanere connessi tutta la vita: se i biglietti da visita invecchiano, le relazioni online e di persona sono sempre attive e piene di evoluzioni. Per questo, spiega Marco Vigini, esperto di risorse umane e networking, occorre cominciare da giovani a coltivare il nostro “giardino” di rapporti diretti e indiretti e continuare a farlo per tutta la vita. Una competenza complessa da apprendere e da rendere fruttuosa, nel lavoro come nell’esperienza quotidiana, che l’autore conduce passo passo a sviluppare con profondità e metodo. Dalla straordinaria piazza conversazionale di LinkedIn ai temi della comunità e dell’appartenenza, dalla scuola all’università fino al valore della gentilezza, della gratitudine e della spiritualità, dallo storytelling al branding per arrivare all’innovativo colloquio di networking, il libro accompagna il lettore nella costruzione quotidiana della propria “tribù” fiduciaria, condizione di benessere, sostegno e piena realizzazione di sé. Con consigli pratici, esercitazioni e le preziose testimonianze delle più importanti università e Business School italiane e di professionisti di successo che, con le loro storie ed esperienze, arricchiscono, ispirano e “contaminano” questo affascinante viaggio. Perché l’attenzione e la creazione di valore per noi stessi e per gli altri è una strategia a prova di futuro. aPersona asaggio aBrambilla R., D'Angelo C., Gozzoli C., Frattini F., Kotlar J., Baglieri E., aCaselli S., Origlia M.C., Cum P., Susca G., Asquini M., Bianchi L., aZanella S., Zanolli S., Mochi S., Danna M., Colombo G., Caratti S., aCresta M., Centenaro L., Fontana A.